<?xml version="1.0" encoding="UTF-8"?><?xml-stylesheet type="text/xsl" href="static/style.xsl"?><OAI-PMH xmlns="http://www.openarchives.org/OAI/2.0/" xmlns:xsi="http://www.w3.org/2001/XMLSchema-instance" xsi:schemaLocation="http://www.openarchives.org/OAI/2.0/ http://www.openarchives.org/OAI/2.0/OAI-PMH.xsd"><responseDate>2026-04-14T06:09:53Z</responseDate><request verb="GetRecord" identifier="oai:www.recercat.cat:20.500.12327/567" metadataPrefix="marc">https://recercat.cat/oai/request</request><GetRecord><record><header><identifier>oai:recercat.cat:20.500.12327/567</identifier><datestamp>2025-10-22T11:07:06Z</datestamp><setSpec>com_2072_4428</setSpec><setSpec>com_2072_4427</setSpec><setSpec>col_2072_487898</setSpec></header><metadata><record xmlns="http://www.loc.gov/MARC21/slim" xmlns:dcterms="http://purl.org/dc/terms/" xmlns:xsi="http://www.w3.org/2001/XMLSchema-instance" xmlns:doc="http://www.lyncode.com/xoai" xsi:schemaLocation="http://www.loc.gov/MARC21/slim http://www.loc.gov/standards/marcxml/schema/MARC21slim.xsd">
   <leader>00925njm 22002777a 4500</leader>
   <datafield ind2=" " ind1=" " tag="042">
      <subfield code="a">dc</subfield>
   </datafield>
   <datafield ind2=" " ind1=" " tag="720">
      <subfield code="a">Antonioli, Federico</subfield>
      <subfield code="e">author</subfield>
   </datafield>
   <datafield ind2=" " ind1=" " tag="720">
      <subfield code="a">Ben Kaabia, Monia</subfield>
      <subfield code="e">author</subfield>
   </datafield>
   <datafield ind2=" " ind1=" " tag="720">
      <subfield code="a">Arfini, Filippo</subfield>
      <subfield code="e">author</subfield>
   </datafield>
   <datafield ind2=" " ind1=" " tag="720">
      <subfield code="a">Gil, José M.</subfield>
      <subfield code="e">author</subfield>
   </datafield>
   <datafield ind2=" " ind1=" " tag="260">
      <subfield code="c">2018-06-25</subfield>
   </datafield>
   <datafield ind2=" " ind1=" " tag="520">
      <subfield code="a">Despite the vast number of works investigating price transmission (PT) processes in diverse agrifood markets, very little has been said about quality‐differentiated products. In this paper, we compare the conventional and organic fluid milk sectors in Italy to better understand the economic organization and functioning of one of the most important agrifoods in Italy. Using a unique dataset featuring processor and retail (scanner) prices for the two types of milk, we estimate Momentum‐Threshold Autoregressive models to account for asymmetric price movements in both sectors, but the PT results are eventually symmetric. The Vector Error Correction Model estimations and Impulse Response Functions analysis provide significant insights into the differences between the two markets. [EconLit citations: Q130, Q110, C590]</subfield>
   </datafield>
   <datafield ind1="8" ind2=" " tag="024">
      <subfield code="a">Antonioli, Federico, Monia Ben Kaabia, Filippo Arfini, and José M. Gil. 2018. "Price Transmission Dynamics For Quality‐Certified Food Products: A Comparison Between Conventional And Organic Fluid Milk In Italy". Agribusiness 35 (3): 374-393. Wiley. doi:10.1002/agr.21568.</subfield>
   </datafield>
   <datafield ind1="8" ind2=" " tag="024">
      <subfield code="a">0742-4477</subfield>
   </datafield>
   <datafield ind1="8" ind2=" " tag="024">
      <subfield code="a">http://hdl.handle.net/20.500.12327/567</subfield>
   </datafield>
   <datafield ind1="8" ind2=" " tag="024">
      <subfield code="a">https://doi.org/10.1002/agr.21568</subfield>
   </datafield>
   <datafield ind2="0" ind1="0" tag="245">
      <subfield code="a">Price transmission dynamics for quality‐certified food products: A comparison between conventional and organic fluid milk in Italy</subfield>
   </datafield>
</record></metadata></record></GetRecord></OAI-PMH>